Combien de ville du Maine et Loire (49) connais-tu ? - Statistiques

Statistiques générales
  • Ce quiz a été pris 36 fois
    22 depuis la dernière actualisation
  • Le résultat moyen est 28 sur 176
Statistiques - réponses
Code postal Ville % Correct
49000 Angers
94%
49417 Saumur
65%
49300 Cholet
59%
49504 Segré-en-Anjou Bleu
53%
49440 Candé
47%
49800 Trélazé
47%
49241 Avrillé
41%
49070 Beaucouzé
41%
49080 Bouchemaine
41%
49460 Cantenay-Épinard
41%
49130 Les Ponts-de-Cé
41%
49440 Loiré
41%
49370 Bécon-les-Granits
35%
49430 Durtal
35%
Grez-Neuville
35%
49220 Le Lion-d'Angers
35%
49410 Mauges-sur-Loire
35%
49180 Saint-Barthélemy-d'Anjou
35%
49450 Sèvremoine
35%
49440 Angrie
29%
49440 Challain-la-Potherie
29%
49120 Chemillé-en-Anjou
29%
49700 Doué-en-Anjou
29%
49000 Écouflant
29%
49460 Feneu
29%
49160 Longué-Jumelles
29%
49770 Longuenée-en-Anjou
29%
49260 Montreuil-Bellay
29%
49460 Montreuil-Juigné
29%
49610 Mûrs-Erigné
29%
49370 Saint-Clément-de-la-Place
29%
49130 Sainte-Gemmes-sur-Loire
29%
49937 Seiches-sur-le-Loir
29%
49125 Tiercé
29%
49150 Baugé-en-Anjou
24%
49250 Beaufort-en-Anjou
24%
49170 Béhuard
24%
49650 Brain-sur-Allonnes
24%
49123 Champtocé-sur-Loire
24%
49140 Corzé
24%
49190 Denée
24%
49330 Étriché
24%
49170 La Possonnière
24%
49330 Les Hauts-d'Anjou
24%
49800 Loire-Authion
24%
49360 Maulévrier
24%
49420 Ombrée d'Anjou
24%
49190 Rochefort-sur-Loire
24%
49330 Sceaux-d'Anjou
24%
49400 Verrie
24%
49112 Verrières-en-Anjou
24%
49600 Beaupréau-en-Mauges
18%
49320 Brissac Loire Aubance
18%
49937 Chalonnes-sur-Loire
18%
49220 Chambellay
18%
49220 Erdre-en-Anjou
18%
49590 Fontevraud-l'Abbaye
18%
49150 La Lande-Chasles
18%
49250 La Ménitré
18%
49280 La Séguinière
18%
49122 Le May-sur-Èvre
18%
49490 Noyant-Villages
18%
49530 Orée d'Anjou
18%
49350 Saint-Clément-des-Levées
18%
49170 Saint-Georges-sur-Loire
18%
49280 Saint-Léger-sous-Cholet
18%
49170 Savennières
18%
49460 Soulaire-et-Bourg
18%
49220 Thorigné-d'Anjou
18%
49390 Vernantes
18%
49260 Antoigné
12%
49420 Armaillé
12%
49260 Artannes-sur-Thouet
12%
49430 Baracé
12%
49750 Beaulieu-sur-Layon
12%
49520 Bouillé-Ménard
12%
49520 Bourg-l'Évêque
12%
49125 Briollay
12%
49500 Chazé-sur-Argos
12%
49125 Cheffes
12%
49400 Distré
12%
49460 Écuillé
12%
49350 Gennes-Val-de-Loire
12%
49123 Ingrandes-Le Fresne sur Loire
12%
49140 Jarzé Villages
12%
49330 Juvardeil
12%
49220 La Jaille-Yvon
12%
49740 La Romagne
12%
49260 Le Puy-Notre-Dame
12%
49250 Les Bois d'Anjou
12%
49320 Les Garennes sur Loire
12%
49430 Les Rairies
12%
49310 Lys-Haut-Layon
12%
49140 Marcé
12%
49630 Mazé-Milon
12%
49220 Montreuil-sur-Maine
12%
49610 Mozé-sur-Louet
12%
49170 Saint-Martin-du-Fouilloux
12%
49610 Saint-Melaine-sur-Aubance
12%
49140 Sermaise
12%
49610 Soulaines-sur-Aubance
12%
49540 Terranjou
12%
49340 Trémentines
12%
49700 Tuffalun
12%
49730 Turquant
12%
49370 Val d'Erdre-Auxence
12%
49730 Varennes-sur-Loire
12%
49400 Villebernier
12%
49680 Vivy
12%
49360 Yzernay
12%
49540 Aubigné-sur-Layon
6%
49122 Bégrolles-en-Mauges
6%
49380 Bellevigne-en-Layon
6%
49260 Bellevigne-les-Châteaux
6%
49320 Blaison-Saint-Sulpice
6%
49420 Carbay
6%
49310 Cernusson
6%
49700 Cizay-la-Madeleine
6%
49140 Cornillé-les-Caves
6%
49690 Coron
6%
49260 Courchamps
6%
49700 Dénezé-sous-Doué
6%
49260 Épieds
6%
49360 La Plaine
6%
49280 La Tessoualle
6%
49260 Le Coudray-Macouard
6%
49124 Le Plessis-Grammoire
6%
49360 Les Cerqueux
6%
49700 Les Ulmes
6%
49700 Louresse-Rochemenier
6%
49330 Miré
6%
49430 Montigné-lès-Rairies
6%
49310 Montilliers
6%
49140 Montreuil-sur-Loir
6%
49110 Montrevault-sur-Èvre
6%
49730 Montsoreau
6%
49390 Mouliherne
6%
49340 Nuaillé
6%
49730 Parnay
6%
49560 Passavant-sur-Layon
6%
49140 Rives-du-Loir-en-Anjou
6%
49400 Rou-Marson
6%
49170 Saint-Augustin-des-Bois
6%
49170 Saint-Germain-des-Prés
6%
49130 Saint-Jean-de-la-Croix
6%
49260 Saint-Just-sur-Dive
6%
49070 Saint-Lambert-la-Potherie
6%
49170 Saint-Léger-de-Linières
6%
49260 Saint-Macaire-du-Bois
6%
49310 Saint-Paul-du-Bois
6%
49160 Saint-Philbert-du-Peuple
6%
49800 Sarrigné
6%
49360 Somloire
6%
49400 Souzay-Champigny
6%
49360 Toutlemonde
6%
49750 Val-du-Layon
6%
49400 Varrains
6%
49260 Vaudelnay
6%
49340 Vezins
6%
49160 Blou
0%
49700 Brossay
0%
49340 Chanteloup-les-Bois
0%
49290 Chaudefonds-sur-Layon
0%
49220 Chenillé-Champteussé
0%
49560 Cléré-sur-Layon
0%
49390 Courléon
0%
49430 Huillé-Lézigné
0%
49390 La Breille-les-Pins
0%
49140 La Chapelle-Saint-Laud
0%
49490 La Pellerine
0%
49280 Mazières-en-Mauges
0%
49640 Morannes sur Sarthe-Daumeray
0%
49680 Neuillé
0%
49280 Saint-Christophe-du-Bois
0%
49123 Saint-Sigismond
0%
49390 Vernoil-le-Fourrier
0%
Aucun quiz correspondant
Distribution des résultats
% des personnes avec chaque résultat
Percentile par nombre de réponses
Votre historique - résultats
Vous n’avez pas pris ce quiz depuis la dernière actualisation